| 000 | 00819nam a2200193Ii 4500 | ||
|---|---|---|---|
| 003 | JO-AjNU | ||
| 008 | 230605s9999||||xx |||||||||||||| ||und|| | ||
| 040 |
_aJO-AjNU _bara _erda _cJO-AjNU |
||
| 041 | _aara | ||
| 050 | 1 | 4 | _aHF 5415 .I277 .2007 |
| 100 | 3 |
_aالمرسي،جمال الدين محمد/ثابت عبدالرحمن ادريس, _eauthor _932699 |
|
| 245 | 0 | 0 | _aالمنشآت التسويقية : إدارة منافذ التوزيع : مدخل وصفي وتحليلي |
| 264 | 3 | 1 | _aالاسكندرية:الدار الجامعية؛2007 |
| 300 |
_a549ص _bيحتوي على ببلوغرافية من ص545-549ص |
||
| 336 |
_atext _btxt _2rdacontent |
||
| 337 |
_aunmediated _bn _2rdamedia |
||
| 338 |
_avolume _bnc _2rdacarrier |
||
| 650 | 4 |
_aإدارة التسويق -منافذ التوزيع _932700 |
|
| 999 |
_aA13232 _c16800 _d16800 |
||